<?xml version="1.0" encoding="UTF-8"?>
<record
    xmlns:xsi="http://www.w3.org/2001/XMLSchema-instance"
    xsi:schemaLocation="http://www.loc.gov/MARC21/slim http://www.loc.gov/standards/marcxml/schema/MARC21slim.xsd"
    xmlns="http://www.loc.gov/MARC21/slim">

  <leader>01027nam a2200253Ia 4500</leader>
  <controlfield tag="003">OSt</controlfield>
  <controlfield tag="005">20251106120120.0</controlfield>
  <controlfield tag="008">210210b2008   xxu||||| |||| 00| 0 eng d</controlfield>
  <datafield tag="020" ind1=" " ind2=" ">
    <subfield code="a">8177132849</subfield>
  </datafield>
  <datafield tag="040" ind1=" " ind2=" ">
    <subfield code="c">AL</subfield>
  </datafield>
  <datafield tag="041" ind1=" " ind2=" ">
    <subfield code="a">Kannada</subfield>
  </datafield>
  <datafield tag="082" ind1=" " ind2=" ">
    <subfield code="a">070.1K RAVM</subfield>
  </datafield>
  <datafield tag="100" ind1=" " ind2=" ">
    <subfield code="a">RAVI (B K)</subfield>
    <subfield code="d">&#xCAC;&#xCBF;.&#xC95;&#xCC6;.&#xCB0;&#xCB5;&#xCBF;</subfield>
    <subfield code="9">244275</subfield>
  </datafield>
  <datafield tag="245" ind1=" " ind2=" ">
    <subfield code="a">Madhyama udyama</subfield>
    <subfield code="b"> &#xCAE;&#xCBE;&#xCA7;&#xCCD;&#xCAF;&#xCAE;-&#xC89;&#xCA6;&#xCCD;&#xCAF;&#xCAE;</subfield>
  </datafield>
  <datafield tag="260" ind1=" " ind2=" ">
    <subfield code="a">Bengaluru</subfield>
    <subfield code="b">Kannada Pustaka Pradhikara</subfield>
    <subfield code="c">2008</subfield>
  </datafield>
  <datafield tag="300" ind1=" " ind2=" ">
    <subfield code="a">xiv,175</subfield>
  </datafield>
  <datafield tag="520" ind1=" " ind2=" ">
    <subfield code="a">&#xCAE;&#xCBE;&#xCA7;&#xCCD;&#xCAF;&#xCAE;&#xC97;&#xCB3; &#xCA8;&#xCBE;&#xC97;&#xCBE;&#xCB2;&#xCCB;&#xC9F;&#xCA6; &#xCAC;&#xCC6;&#xCB3;&#xCB5;&#xCA3;&#xCBF;&#xC97;&#xCC6;, &#xCAA;&#xCCD;&#xCB0;&#xCA4;&#xCBF; &#xC95;&#xCCD;&#xCB7;&#xCA3; &#xC95;&#xCCD;&#xCB7;&#xCA3;&#xC95;&#xCCD;&#xC95;&#xCC2; &#xCAC;&#xCA6;&#xCB2;&#xCBE;&#xC97;&#xCC1;&#xCB5; &#xCA4;&#xC82;&#xCA4;&#xCCD;&#xCB0;&#xC9C;&#xCCD;&#xC9E;&#xCBE;&#xCA8; &#xC8E;&#xC82;&#xCA5;&#xCB5;&#xCB0;&#xCA8;&#xCCD;&#xCA8;&#xCC2; &#xC97;&#xC82;&#xCAD;&#xCC0;&#xCB0;&#xCB5;&#xCBE;&#xCA6; &#xC9A;&#xCBF;&#xC82;&#xCA4;&#xCA8;&#xCC6;&#xC97;&#xCC6; &#xC88;&#xCA1;&#xCC1;&#xCAE;&#xCBE;&#xCA1;&#xCC1;&#xCA4;&#xCCD;&#xCA4;&#xCA6;&#xCC6;.</subfield>
  </datafield>
  <datafield tag="650" ind1=" " ind2=" ">
    <subfield code="a">udyama</subfield>
    <subfield code="9">244276</subfield>
  </datafield>
  <datafield tag="650" ind1=" " ind2=" ">
    <subfield code="a">Madhyama</subfield>
    <subfield code="9">244277</subfield>
  </datafield>
  <datafield tag="690" ind1=" " ind2=" ">
    <subfield code="a">Journalism</subfield>
    <subfield code="9">244278</subfield>
  </datafield>
  <datafield tag="700" ind1=" " ind2=" ">
    <subfield code="a">SATYAPRAKASH (M R)</subfield>
    <subfield code="d">&#xCB8;&#xCA4;&#xCCD;&#xCAF;&#xCAA;&#xCCD;&#xCB0;&#xC95;&#xCBE;&#xCB6;&#xCCD;&#x200C; &#xC8E;&#xC82;.&#xC86;&#xCB0;&#xCCD;&#x200C;</subfield>
    <subfield code="9">244279</subfield>
  </datafield>
  <datafield tag="906" ind1=" " ind2=" ">
    <subfield code="a">064384</subfield>
  </datafield>
  <datafield tag="942" ind1=" " ind2=" ">
    <subfield code="2">ddc</subfield>
    <subfield code="c">BK</subfield>
  </datafield>
  <datafield tag="999" ind1=" " ind2=" ">
    <subfield code="c">116436</subfield>
    <subfield code="d">116436</subfield>
  </datafield>
  <datafield tag="952" ind1=" " ind2=" ">
    <subfield code="0">0</subfield>
    <subfield code="1">0</subfield>
    <subfield code="2">ddc</subfield>
    <subfield code="4">0</subfield>
    <subfield code="7">0</subfield>
    <subfield code="8">JR</subfield>
    <subfield code="a">AL</subfield>
    <subfield code="b">AL</subfield>
    <subfield code="c">Journalism</subfield>
    <subfield code="d">2021-02-17</subfield>
    <subfield code="e">Kannada Pustaka Pradikara, Bengaluru-560002</subfield>
    <subfield code="g">70.00</subfield>
    <subfield code="l">0</subfield>
    <subfield code="o">070.1K RAVM</subfield>
    <subfield code="p">064384</subfield>
    <subfield code="r">2021-02-17 00:00:00</subfield>
    <subfield code="w">2021-02-17</subfield>
    <subfield code="y">BK</subfield>
  </datafield>
</record>
